Nalaganje...
Verb Morphology of the Adiya language
| Glavni avtor: | |
|---|---|
| Format: | Ph.D Thesis |
| Izdano: |
Trivandrum
Department of Linguistics, University of Kerala
1978
|
| Teme: |
| LEADER | 00513nam a2200181 4500 | ||
|---|---|---|---|
| 020 | |||
| 082 | |||
| 100 | |a Syama, C. G. | ||
| 245 | |a Verb Morphology of the Adiya language |h English | ||
| 250 | |||
| 260 | |a Trivandrum |b Department of Linguistics, University of Kerala |c 1978 | ||
| 300 | |a 126 P |f Book | ||
| 500 | |a MA | ||
| 650 | |a Verb Morphology of the Adiya language | ||
| 700 | |||
| 942 | |c THES | ||
| 999 | |c 270393 |d 270393 | ||
| 952 | |0 0 |1 0 |4 0 |7 0 |9 287110 |a LIN |b LIN |d 2009-04-22 |l 0 |p LINTT149 |r 2020-02-06 |w 2020-02-06 |y THES | ||